000
00250nam a22000977a 4500
082
_a
621.382 NTI'A
245
_a
NTIA TELECOM 2000 , CHARTING THE COURSE FOR A NEW CENTURY
260
_a
WASHINGTON
_b
USA DEPARTMENT
_c
1988
300
_a
672P
942
_c
BK
999
_c
571573
_d
571573